000 01479nam a2200325 a 4500
001 ebr10369699
003 CaPaEBR
006 m u
007 cr cn|||||||||
008 100331s2000 enka sb 001 0 eng d
020 _z0761966021
020 _z076196603X (pbk.)
020 _z9780761966029
020 _z9780857022233 (e-book)
040 _aCaPaEBR
_cCaPaEBR
035 _a(OCoLC)647883921
050 1 4 _aHD6054.3
_b.W66 2000eb
245 0 0 _aWomen in management
_h[electronic resource] :
_nVol. 2 :
_bcurrent research issues /
_c[edited by] Marilyn J. Davidson and Ronald J. Burke.
260 _aLondon :
_bSAGE Publications,
_c2000.
300 _aix, 309 p. :
_bill.
504 _aIncludes bibliographical references and index.
505 0 _apt. 1. Women managers and entrepreneurs : a global perspective -- pt. 2. Career development and high fliers -- pt. 3. Occupational stress and black and ethnic minority issues -- pt. 4. The future : organizational and government initiatives.
533 _aElectronic reproduction.
_bPalo Alto, Calif. :
_cebrary,
_d2011.
_nAvailable via World Wide Web.
_nAccess may be limited to ebrary affiliated libraries.
650 0 _aWomen executives.
655 7 _aElectronic books.
_2local
700 1 _aDavidson, Marilyn.
700 1 _aBurke, Ronald J.
710 2 _aebrary, Inc.
856 4 0 _uhttp://site.ebrary.com/lib/rucke/Doc?id=10369699
_zAn electronic book accessible through the World Wide Web; click to view
999 _c213384
_d213384